Statistics for Alcoholic National Drinks

Click here to take the quiz!

General Stats

  • This quiz has been taken 1,755 times
  • The average score is 10 of 15

Answer Stats

Hint Answer % Correct
VodkaRussia
98%
TequilaMexico
93%
J├ĄgermeisterGermany
92%
SakeJapan
91%
GuinnessIreland
88%
Jack DanielsUSA
83%
SangriaSpain
78%
Single Malt WhiskyScotland
65%
OuzoGreece
63%
MojitoCuba
58%
MarillenschnapsAustria
54%
CaipirinhaBrazil
49%
SojuKorea
43%
BaijiuChina
34%
AkvavitDenmark
25%

Score Distribution

Percentile by Number Answered

Percent of People with Each Score

Your Score History

You have not taken this quiz